| 000 | 00587cab a2200217 4500 | ||
|---|---|---|---|
| 001 | X98975 | ||
| 008 | 090401t1999 xxu||||| |||| 00| 0 eng d | ||
| 035 | _a(Sirsi) u93722 | ||
| 041 | _aeng | ||
| 245 | _aPossession order | ||
| 260 | _c1999 | ||
| 350 | _a0 | ||
| 490 |
_aEstates Gazette _v[1999] EGCS 74 (29/05/1999) |
||
| 650 | _aHOUSING ACT 1985 | ||
| 650 | _aLEWISHAM LBC V ADEYAMI AND ANOTHER | ||
| 650 | _aPOSSESSION PROCEEDINGS | ||
| 650 | _aUNINTENTIONALLY HOMELESS | ||
| 690 | _aLANDLORD AND TENANT-CASE LAW-RESIDENTIAL TENANCIES | ||
| 942 | _n0 | ||
| 948 | _c02/06/1999 | ||
| 999 |
_c59412 _d59412 |
||